Normal view
MARC view
- Ran, Xiaohong.
Entry Personal Name
001 - CONTROL NUMBER
- control field: 52594
003 - CONTROL NUMBER IDENTIFIER
- control field: OSt
005 - DATE AND TIME OF LATEST TRANSACTION
- control field: 20240216131148.0
008 - FIXED-LENGTH DATA ELEMENTS
- fixed length control field: 240216|| aca||aabn | a|a d
040 ## - CATALOGING SOURCE
- Original cataloging agency: OSt
- Transcribing agency: OSt
100 ## - HEADING--PERSONAL NAME
- Personal name: Ran, Xiaohong.
- Relator term: author.
670 ## - SOURCE DATA FOUND
- Source citation: Work cat.: (OSt): Ran, Xiaohong. author., An improved low-complexity model predictive direct power control with reduced power ripples under unbalanced grid conditions /, May 2022.
